Italian Chapter 1 Vocab Quiz Stats

 Plays Quiz not verified by Sporcle

Also try: Clickable Adages
Challenge
Share
Tweet
Embed
Score 0/26 Timer 10:00
0 Plays Today
English Italian % Correct
coffeeil caffe
100%
American styleamericaneggiante
83.3%
Americanizedamericanizzato
83.3%
to appropriateappropriarsi
83.3%
coffee with liqueur il caffe corretto
83.3%
coffee with a dash of milkil caffe macchiato
83.3%
strong coffeeil caffe ristretto
83.3%
fieldil campo
83.3%
consumerismil consumismo
83.3%
to mark, to distinguishcontraddistinguere
83.3%
to be uncomfortableessere a disagio
83.3%
to compete with in businessfare concorrenza a
83.3%
interpreterl'interprete
83.3%
English Italian % Correct
Italianizeditalianizzato
83.3%
sandwich shopla paninoteca
83.3%
cultural exchangelo scambio culturale
83.3%
subtitlesi sottotitoli
83.3%
stereotypelo stereotipo
83.3%
foreign straniero
83.3%
to be fine, to be in orderessere a posto
66.7%
to be at easeessere a proprio agio
66.7%
influencel'influsso
66.7%
pizza by the slicela pizza al taglio
66.7%
movie dubbingil doppiaggio
50%
dubberil doppiatore
50%
take outda asporto
33.3%

You're not logged in!

Compare scores with friends on all Sporcle quizzes.
Join for Free
OR
Log In

You Might Also Like...

Show Comments

Extras

Top Quizzes Today


Score Distribution

Your Account Isn't Verified!

In order to create a playlist on Sporcle, you need to verify the email address you used during registration. Go to your Sporcle Settings to finish the process.

Report this User

Report this user for behavior that violates our Community Guidelines.

Details: